نیا عہد نامہ / (Record no. 108651)

MARC details
000 -LEADER
fixed length control field 00808nam a22002537a 4500
005 - DATE AND TIME OF LATEST TRANSACTION
control field 20170123162343.0
010 ## - LIBRARY OF CONGRESS CONTROL NUMBER
LC control number 417430
020 ## - INTERNATIONAL STANDARD BOOK NUMBER
Terms of availability 4.00
035 ## - SYSTEM CONTROL NUMBER
System control number 417430
037 ## - SOURCE OF ACQUISITION
Source of stock number/acquisition Cen Lib/Ret
040 ## - CATALOGING SOURCE
Original cataloging agency DPL
Language of cataloging UR
082 ## - DEWEY DECIMAL CLASSIFICATION NUMBER
Classification number 841
Item number خ ل ی
100 ## - MAIN ENTRY--PERSONAL NAME
Personal name خلیل الرحمن اعظمی
9 (RLIN) 113509
245 ## - TITLE STATEMENT
Title نیا عہد نامہ /
Statement of responsibility, etc خلیل الرحمن اعظمی
246 ## - VARYING FORM OF TITLE
Title proper/short title Naya ahad nama /
Remainder of title by Khalil-Ur-Rahman Azmi
260 ## - PUBLICATION, DISTRIBUTION, ETC. (IMPRINT)
Place of publication, distribution, etc علیگڑھ
Name of publisher, distributor, etc انجمن بک ہاؤس
Date of publication, distribution, etc 1965
270 ## - ADDRESS
City علیگڑھ
Address محمّد علی روڈ
300 ## - PHYSICAL DESCRIPTION
Extent 152p.
Dimensions 21cm(Hb)
650 ## - SUBJECT ADDED ENTRY--TOPICAL TERM
Topical term or geographic name as entry element ادب -- اردو
9 (RLIN) 139635
650 ## - SUBJECT ADDED ENTRY--TOPICAL TERM
Topical term or geographic name as entry element اردو نظم
9 (RLIN) 139636
650 ## - SUBJECT ADDED ENTRY--TOPICAL TERM
Topical term or geographic name as entry element Literature -- Urdu
9 (RLIN) 139637
650 ## - SUBJECT ADDED ENTRY--TOPICAL TERM
Topical term or geographic name as entry element Urdu poetry
9 (RLIN) 139638
942 ## - ADDED ENTRY ELEMENTS (KOHA)
Source of classification or shelving scheme Dewey Decimal Classification
Koha item type Urdu Bks
Classification part 841
Call number suffix خ ل ی
Holdings
Withdrawn status Lost status Damaged status Not for loan Home library Current library Date acquired Source of acquisition Cost, normal purchase price Total Checkouts Full call number Barcode Date last seen Copy number Cost, replacement price Price effective from Koha item type
        Central Library Central Library 01/02/2016 Cen Lib/Ret 4.00   841 خ ل ی 417430 01/02/2016 1 4.00 01/02/2016 Urdu Bks

© Delhi Public Library
Hit Counter
free hit counter